000 00500nam a2200181Ia 4500
003 GCL
008 140319s9999 xx 000 0 eng d
040 _aGCL /
_cGCL
082 0 4 _a332.64
_bS V
100 1 _aSHALEEN, KENNETH H
245 1 0 _aVOLUME AND OPEN INTEREST: CLASSIC TRADING STRATEGIES FOR 24 HOURS MARKETS /
_cSHALEEN, KENNETH H
260 _a[S.N] :
_bIRWIN ،
_c1997
300 _a277 P
650 0 4 _aMARKETS
650 0 4 _aECONOMY
650 0 4 _aMARKETS - ECONOMICS
942 _2ddc
_cBK
999 _c13209
_d13209